Oikumeniu episkopu Trikkēs Ta heuriskomena panta / 1
| Main Author: | |
|---|---|
| Format: | Print Book |
| Language: | Ancient Greek Latin |
| Subito Delivery Service: | Order now. |
| Check availability: | HBZ Gateway |
| WorldCat: | WorldCat |
| Interlibrary Loan: | Interlibrary Loan for the Fachinformationsdienste (Specialized Information Services in Germany) |
| Published: |
Lutetiae Parisiorum
Migne
1864
|
| In: |
Oikumeniu episkopu Trikkēs Ta heuriskomena panta juxta editionem Parisiensem anni 1631 ... typis repetita = Oecumenii Triccae in Thessalia episcopi Opera omnia
Year: 1864 |
| Series/Journal: | Patrologiae cursus completus / Series Graeca
118 |
MARC
| LEADER | 00000cam a2200000 cc4500 | ||
|---|---|---|---|
| 001 | 1094020885 | ||
| 003 | DE-627 | ||
| 005 | 20240429191015.0 | ||
| 007 | tu | ||
| 008 | 910425s1864 xx ||||| 00| ||grc c | ||
| 035 | |a (DE-627)1094020885 | ||
| 035 | |a (DE-576)024020885 | ||
| 035 | |a (DE-599)BSZ024020885 | ||
| 035 | |a (OCoLC)311527322 | ||
| 040 | |a DE-627 |b ger |c DE-627 |e rakwb | ||
| 041 | |a grc |a lat | ||
| 084 | |a 1 |2 ssgn | ||
| 100 | 0 | |0 (DE-588)123131138 |0 (DE-627)082365245 |0 (DE-576)165662247 |4 aut |a Oecumenius |d ca. 6./7. Jh. | |
| 109 | |a Oecumenius Exegeta ca. 6./7. Jh. |a Ecumenio ca. 6./7. Jh. |a Oikumenios ca. 6./7. Jh. |a Oecumenius de Tricca ca. 6./7. Jh. |a Oecumenius Theologus ca. 6./7. Jh. |a Oecumenius Rhetor et Philosophus ca. 6./7. Jh. |a Oecumenius Bishop ca. 6./7. Jh. |a Oekumenios von Trikka ca. 6./7. Jh. |a Oecumenius Saint ca. 6./7. Jh. |a Oecumenius Evêque ca. 6./7. Jh. |a Pseudo-Oecumenius Scriptor Ecclesiasticus ca. 6./7. Jh. |a Oikumenios Trikkios ca. 6./7. Jh. |a Oikumenios Philosophus ca. 6./7. Jh. |a Oecumenius ca. 6./7. Jh. |a Tricca, Oecumenius de ca. 6./7. Jh. |a Oecumenius of Tricca ca. 6./7. Jh. |a Oekumenios Exeget ca. 6./7. Jh. |a Oikumenios Trikkēs ca. 6./7. Jh. |a Oecumenius Triccius ca. 6./7. Jh. |a Oecumenius Triccensis ca. 6./7. Jh. |a Oikumenios von Trikka ca. 6./7. Jh. |a Oicumenios Trikkēs ca. 6./7. Jh. |a Oecumenius Episcopus ca. 6./7. Jh. |a Oecumenius Triccaeus ca. 6./7. Jh. |a Pseudo-Oecumenius ca. 6./7. Jh. |a Oecumenius Thessalonicensis ca. 6./7. Jh. |a Oecumenius Scriptor Ecclesiasticus ca. 6./7. Jh. |a Triccius, Oecumenius ca. 6./7. Jh. |a Oecumenius Philosophus ca. 6./7. Jh. |a Oecumenius Beatus ca. 6./7. Jh. | ||
| 245 | 1 | 0 | |a Oikumeniu episkopu Trikkēs Ta heuriskomena panta |n 1 |c accurante et denuo recognoscente J.-P. Migne |
| 264 | 1 | |a Lutetiae Parisiorum |b Migne |c 1864 | |
| 336 | |a Text |b txt |2 rdacontent | ||
| 337 | |a ohne Hilfsmittel zu benutzen |b n |2 rdamedia | ||
| 338 | |a Band |b nc |2 rdacarrier | ||
| 490 | 1 | |a Patrologiae cursus completus : Series Graeca / ... accurante J. P. Migne |v 118 | |
| 583 | 1 | |a Archivierung/Langzeitarchivierung gewährleistet |f SSG |x XA-DE-BW |2 pdager |5 DE-21 | |
| 773 | 1 | 8 | |a Oikumeniu episkopu Trikkēs Ta heuriskomena panta juxta editionem Parisiensem anni 1631 ... typis repetita = Oecumenii Triccae in Thessalia episcopi Opera omnia |w (DE-627)1094020796 |w (DE-576)024020796 |g 1 |q 1 |7 nnam |
| 830 | 0 | |a Patrologiae cursus completus / Series Graeca |v 118 |9 118 |w (DE-627)1073159213 |w (DE-576)003159213 |7 am | |
| 935 | |h SWB |i 4165 | ||
| 951 | |a MV | ||
| ELC | |b 1 | ||
| ITA | |a 1 |t 1 | ||
| LOK | |0 000 xxxxxcx a22 zn 4500 | ||
| LOK | |0 001 2745175742 | ||
| LOK | |0 003 DE-627 | ||
| LOK | |0 004 1094020885 | ||
| LOK | |0 005 20130430091018 | ||
| LOK | |0 008 130430||||||||||||||||ger||||||| | ||
| LOK | |0 040 |a DE-21 |c DE-627 |d DE-21 | ||
| LOK | |0 852 |a DE-21 | ||
| LOK | |0 852 1 |c Gb 77.4;GRAEC-118 |9 00 | ||
| LOK | |0 935 |a dika |a theo | ||
| LOK | |0 939 |a 30-04-13 |b l01 | ||
| ORI | |a SA-MARC-ixtheoa001.raw | ||